दिव्या प्रणय की दीपशिखा / (Record no. 113748)

MARC details
000 -LEADER
fixed length control field 00968nam a22002657a 4500
005 - DATE AND TIME OF LATEST TRANSACTION
control field 20170124102958.0
010 ## - LIBRARY OF CONGRESS CONTROL NUMBER
LC control number A-458561
020 ## - INTERNATIONAL STANDARD BOOK NUMBER
Terms of availability 40.00
035 ## - SYSTEM CONTROL NUMBER
System control number A-458561
037 ## - SOURCE OF ACQUISITION
Source of stock number/acquisition Cen Lib/Ret
040 ## - CATALOGING SOURCE
Original cataloging agency DPL
Language of cataloging HN
082 ## - DEWEY DECIMAL CLASSIFICATION NUMBER
Classification number 821
Item number हरीश
100 ## - MAIN ENTRY--PERSONAL NAME
Personal name हरीश
9 (RLIN) 41420
245 ## - TITLE STATEMENT
Title दिव्या प्रणय की दीपशिखा /
Statement of responsibility, etc हरीश
246 ## - VARYING FORM OF TITLE
Title proper/short title Divya pryn ki deepshikha
Remainder of title by Harish
260 ## - PUBLICATION, DISTRIBUTION, ETC. (IMPRINT)
Place of publication, distribution, etc अजमेर
Name of publisher, distributor, etc कृष्णा ब्रदर्स
Date of publication, distribution, etc 1990
270 ## - ADDRESS
Address महात्मा गाँधी मार्ग
City अजमेर
300 ## - PHYSICAL DESCRIPTION
Extent 86पृष्ठ.
Dimensions 20सेमी(सजिल्द)
650 ## - SUBJECT ADDED ENTRY--TOPICAL TERM
Topical term or geographic name as entry element हिंदी साहित्य
9 (RLIN) 53686
650 ## - SUBJECT ADDED ENTRY--TOPICAL TERM
Topical term or geographic name as entry element मीरा की साधना
9 (RLIN) 42569
650 ## - SUBJECT ADDED ENTRY--TOPICAL TERM
Topical term or geographic name as entry element Hindi Literature
9 (RLIN) 53687
650 ## - SUBJECT ADDED ENTRY--TOPICAL TERM
Topical term or geographic name as entry element Mira 's Silence
9 (RLIN) 53688
700 ## - ADDED ENTRY--PERSONAL NAME
9 (RLIN) 53319
942 ## - ADDED ENTRY ELEMENTS (KOHA)
Source of classification or shelving scheme Dewey Decimal Classification
Koha item type Hindi Books
Classification part 821
Call number suffix हरीश
Holdings
Withdrawn status Lost status Damaged status Not for loan Home library Current library Date acquired Source of acquisition Cost, normal purchase price Total Checkouts Full call number Barcode Date last seen Copy number Cost, replacement price Price effective from Koha item type
        Central Library Central Library 13/08/2015 Cen Lib/Ret 40.00   821 हरीश A-458561 13/08/2015 1 40.00 13/08/2015 Hindi Books

© Delhi Public Library
Hit Counter
free hit counter